Stories from the five towns/ (Record no. 24692)
| 000 -BAŞLIK | |
|---|---|
| Sabit Uzunluktaki Kontrol Alanı | 00952nam a22003137a 4500 |
| 001 - KONTROL NUMARASI | |
| Control Dosyası | 0024741 |
| 003 - KONTROL NUMARASI KİMLİĞİ | |
| Kontrol Alanı | KOHA_MİRAKIL |
| 005 - EN SON İŞLEM TARİHİ ve ZAMANI | |
| Kontrol Alanı | 20260207002448.0 |
| 007 - FİZİKSEL TANIM SABİT ALAN - GENEL BİLGİ | |
| Sabit uzunluklu kontrol alanı | ta |
| 008 - SABİT UZUNLUKTAKİ VERİ ÖGELERİ - GENEL BİLGİ | |
| Sabit Alan | 101123b2001 enk |||gr||||#0|||1|eng | |
| 020 ## - ISBN - ULUSLARARASI STANDART KİTAP NUMARASI | |
| Isbn | 0194229866 |
| 040 ## - KATALOGLAMA KAYNAĞI | |
| Özgün Kataloglama Kurumu | TR-BiSEU |
| Kataloglama Dili | tur |
| Çeviri Kurumu | TR-BiSEU |
| Açıklama Kuralları | rda |
| 041 0# - DİL KODU | |
| Metin ya da ses kaydının dil kodu | eng |
| 044 ## - YAYINLAYAN/ÜRETEN KURULUŞUN ÜLKE KODU | |
| ISO country code | enk |
| 050 ## - SINIFLAMA ve YER NUMARASI | |
| Sınıflama Numarası | PE1128.B46 |
| Yer Numarası | I54 2001 |
| 100 1# - KİŞİ ADI | |
| Yazar Adı (Kişi adı) | Bennett, Arnold. |
| 245 1# - ESER ADI BİLDİRİMİ | |
| Başlık | Stories from the five towns/ |
| Sorumluluk Bildirimi | Arnold Bennett ; Arnold Bennett ; retold by Nick Bullard. |
| 264 #1 - ÜRERİM, YAYIN, DAĞITIM ve TELİF BİLDİRİMİ | |
| Yayın yeri | Oxford : |
| Yayınlayan | Oxford University Press |
| Yayın tarihi | 2001 |
| 300 ## - FİZİKSEL TANIMLAMA | |
| Sayfa, Cilt vb. | 56 sayfa; 21 cm. |
| 336 ## - İÇERİK TÜRÜ | |
| Content type term | metin |
| Content type code | txt |
| Source | rdacontent |
| 337 ## - MEDYA TÜRÜ | |
| Media type term | aracısız |
| Media type code | n |
| Source | rdamedia |
| 338 ## - TAŞIYICI TÜRÜ | |
| Carrier type term | cilt |
| Carrier type code | nc |
| Source | rdacarrier |
| 490 0# - DİZİ BİLDİRİMİ | |
| Dizi Bildirimi | Oxford bookworms library.Stage 2 |
| 650 #0 - KONU BAŞLIĞI EK GİRİŞ - KONU TERİMİ | |
| Konusal terim veya coğrafi ad | English language--Readers. |
| 9 (RLIN) | 50332 |
| 650 #0 - KONU BAŞLIĞI EK GİRİŞ - KONU TERİMİ | |
| Konusal terim veya coğrafi ad | İngiliz dili--Okuma kitapları. |
| 9 (RLIN) | 28942 |
| 830 0# - SERİ EK GİRİŞİ - TEKBİÇİM ESER ADI | |
| Tekbiçim Başlık | Oxford bookworms library.Stage 2 |
| 9 (RLIN) | 50366 |
| 907 ## - LOCAL DATA ELEMENT G, LDG (RLIN) | |
| a | Dil |
| 942 ## - EK GİRİŞ ÖGELERİ (KOHA) | |
| Source of classification or shelving scheme | Library of Congress Classification |
| Koha item type | Book |
| Materyal Türü | Kalıcı Konum | Mevcut Konum | Raf Yeri | Sınıflandırma Kaynağı | Edinim Bilgisi | Ana Konular | Alt Konular | Yer Numarası | Demirbaş Numarası | Fatura Tarihi | Maliyet, Alış Fiyatı | Maliyet, Yenileme Fiyatı | Geri Çekilme Durumu | Kayıp Durumu | Hasarlı Durumu | Kredi için değil | Kayıt Tarih | Toplam Ödünçverme | Son Görülme Tarihi | Son Kontrol Tarihi | Genel / Bağış Notu |
|---|---|---|---|---|---|---|---|---|---|---|---|---|---|---|---|---|---|---|---|---|---|
| Book | Prof. Dr. Azmi Özcan Kütüphanesi | Prof. Dr. Azmi Özcan Kütüphanesi | Birûni Salonu | Library of Congress Classification | Bağış | DİL VE EDEBİYAT | İngiliz Dili | PE1128.B46 I54 2001 | 0024741 | 02/02/2026 | 5.00 | 5.00 | 23/11/2010 | 18 | 05/12/2024 | 05/12/2024 | Genel Bağış |
